000 00467nam a22001697a 4500
005 20251108171915.0
008 250721s9999 xx 000 0 ara d
082 1 4 _a616.12/كبه
100 1 _aكبه، جوزيف عبود
245 1 0 _aالقلب و أخطر أمراضه /
264 1 _aبيروت :
_bدار الشرق العربي،
300 _a253ص.
650 1 7 _aأمراض القلب
650 1 7 _aالعلاج
942 _2ddc
_cBK
999 _c65674
_d65674